000 00703nam a2200241Ia 4500
005 20260121111851.0
008 1469 260114s9999 xx 000 0 eng d
020 _a9789812778529
037 _aEBOOK
040 _aCRL
_beng
_cCRL
041 _aeng
_2eng
084 _qCRL
100 _aAdams F G
_9948561
245 0 _aMacroeconomics for Business and Society: a Developed/Developing Country Perspective on the "New Economy"
260 _bWorld Scientific
260 _bWSPC
260 _c2002
650 _aBusiness And Management
_9948562
856 _uhttps://www.worldscientific.com/worldscibooks/10.1142/4438#t=toc
942 _cEBOOK
999 _c1538769
_d1538769